LIBRARY & INFORMATION CENTRE, KCAET, TAVANUR

ONLINE PUBLIC ACCESS CATALOGUE (OPAC)

Marketing Management: A South Asian Perspective (Record no. 14105)

MARC details
000 -LEADER
fixed length control field 00469nam a22001817a 4500
020 ## - INTERNATIONAL STANDARD BOOK NUMBER
ISBN 9788131767160
082 ## - DEWEY DECIMAL CLASSIFICATION NUMBER
Classification number 658
Item number KOT/MA
100 ## - MAIN ENTRY--AUTHOR NAME
Personal name kotler, Philip
245 ## - TITLE STATEMENT
Title Marketing Management: A South Asian Perspective
250 ## - EDITION STATEMENT
Edition statement 14
260 ## - PUBLICATION, DISTRIBUTION, ETC. (IMPRINT)
Place of publication New Delhi
Name of publisher Pearson
Year of publication 2013
300 ## - PHYSICAL DESCRIPTION
Number of Pages 596
650 ## - SUBJECT ADDED ENTRY--TOPICAL TERM
Topical Term Maketing Management
700 ## - ADDED ENTRY--PERSONAL NAME
Personal name Keller, Kevin Lane
700 ## - ADDED ENTRY--PERSONAL NAME
Personal name Koshy, Abraham
700 ## - ADDED ENTRY--PERSONAL NAME
Personal name Jha, Mithileshwar
942 ## - ADDED ENTRY ELEMENTS (KOHA)
Koha item type Books
Holdings
Withdrawn status Lost status Damaged status Collection code Home library Current library Shelving location Date acquired Full call number Accession Number Koha item type Source of acquisition Cost, normal purchase price
        KAUAET KAUAET General Stacks 03/12/2014 658 KOT/MA 24167 Books    
        KAUAET KAUAET General Stacks 03/12/2014 658 KOT/MA 24166 Books    
        KAUAET KAUAET General Stacks 04/12/2014 658 KOT/MA 24169 Books    
        KAUAET KAUAET General Stacks 17/06/2016 658 KOT/MA 24170 Books Cosmo Book House, Calicut 799.00
        KAUAET KAUAET General Stacks 17/06/2016 658 KOT/MA 24168 Books Cosmo Book House, Calicut 799.00
free website counter